Automatica 9mm (Record no. 1065)

MARC details
000 -LEADER
campo de control de longitud fija 01200nam a22002177a 4500
008 - DATOS DE LONGITUD FIJA--INFORMACIÓN GENERAL
campo de control de longitud fija 161012b xxu||||| |||| 00| 0 eng d
082 ## - NÚMERO DE LA CLASIFICACIÓN DECIMAL DEWEY
Número de clasificación 861.972.81
Número de ítem P344a
100 ## - ENTRADA PRINCIPAL--NOMBRE DE PERSONA
Nombre de persona Pedroza, Simón (Editor); Payeras, Javier; Marre, Alejandro; Pedroza, Simón.
9 (RLIN) 5554
245 ## - MENCIÓN DEL TÍTULO
Título Automatica 9mm
Mención de responsabilidad, etc. Pedroza, Simón (Editor); Payeras, Javier; Marre, Alejandro; Pedroza, Simón.
260 ## - PUBLICACIÓN, DISTRIBUCIÓN, ETC.
Lugar de publicación, distribución, etc. Guatemala
Nombre del editor, distribuidor, etc. Ediciones Bizarras
Fecha de publicación, distribución, etc. 2016
300 ## - DESCRIPCIÓN FÍSICA
Extensión unpaged
Otras características físicas ill.
Dimensiones 22 cm
440 ## - MENCIÓN DE SERIE/PUNTO DE ACCESO ADICIONAL--TÍTULO
Número de parte o sección de la obra segunda Edición
9 (RLIN) 5555
505 ## - NOTA DE CONTENIDO CON FORMATO
Título Zaliva de Mozka/ zaliva
-- Phoezia inzendiaria
-- Kriztal akriliko fundido
-- Haliento de phoeta muerto
-- Vómito de metáphora
-- Plazma Zolar Kon
-- Magnezia diluvian
-- Likido metaphóriko
-- Zuztantivo imphola
-- Zirkunztanzia im
-- Zoluzión antiphoétika
-- Likido Vrtual Expirado
-- Phluído Exiztenzial
-- Zwueñoz tormentozoz
-- Brebaje revelador
-- Amnezia Histórika
-- Cinematographía
-- Alkohol mutante
-- Emulzión de fin de zia
653 ## - TÉRMINO DE INDIZACIÓN--NO CONTROLADO
Término no controlado Literatura Contemporánea
653 ## - TÉRMINO DE INDIZACIÓN--NO CONTROLADO
Término no controlado Poesía
653 ## - TÉRMINO DE INDIZACIÓN--NO CONTROLADO
Término no controlado Poseía - Guatemala
653 ## - TÉRMINO DE INDIZACIÓN--NO CONTROLADO
Término no controlado Propuesta gráfica-poética
-- Ediciones Bizarras
700 ## - ENTRADA AGREGADA--NOMBRE PERSONAL
Nombre de persona Pedroza, Simón
9 (RLIN) 5556
700 ## - ENTRADA AGREGADA--NOMBRE PERSONAL
Nombre de persona Payeras, Javier
9 (RLIN) 5557
700 ## - ENTRADA AGREGADA--NOMBRE PERSONAL
Nombre de persona Marre, Alejandro
9 (RLIN) 5558
Holdings
Estatus retirado Estado de pérdida Fuente del sistema de clasificación o colocación Estado de daño No para préstamo Biblioteca de origen Biblioteca actual Ubicación en estantería Fecha de adquisición Total de préstamos Signatura topográfica completa Código de barras Visto por última vez Precio de reemplazo Tipo de ítem Koha
    Clasificación Decimal Dewey     Biblioteca LadoV Biblioteca LadoV   12/10/2016   861.972.81 P344a 004242 12/10/2016 12/10/2016 Material 01